Quizzes
Events
Quiz Creation
Community
Videos
Private Events
Remove Ads
Sign In
Join for FREE
Feedback
Dark Mode
Quiz Categories
Sports
Geography
Music
Movies
Television
Just For Fun
Miscellaneous
History
Literature
Language
Science
Gaming
Entertainment
Religion
Holiday
For Kids
Quiz Lab
Recent
Popular Today
Quiz Kudos Today
Editor Picks
Curator Picks
Quizzes by...
Day
Popularity
Type
Ratings
Length
Year
Community
Subscriptions
Recent Discussions
Orange Saloon
Badges
Playlists
Quests
Create
Leaderboards
Showdown
Live 5
Trivia Bingo
Activity
Puzzle Library
Sporcle Events
Private Events
Virtual Trivia
Globe League
Become a Host
Pub Owners
SporcleCon
Opinionation
Our Games
Videos
Blog
Mobile Apps
Partnerships
Remove Ads and Go Orange
Feedback
Sports
Athletes
MLB
NBA
NHL
NFL
Soccer
Sports Teams
WWE
NCAA
Football
Premier League
Basketball
Baseball
Hockey
Golf
Tennis
Cricket
Rugby
Auto Racing
Olympics
World Cup
Sports
Athletes
MLB
NBA
NHL
NFL
Soccer
Sports Teams
WWE
NCAA
Football
Premier League
Basketball
Baseball
Hockey
Golf
Tennis
Cricket
Rugby
Auto Racing
Olympics
World Cup
Random Quiz
Search Sporcle
×
Quiz Lab
Quiz Lab
Sports
Player
Type in answers that appear in a list
Type in answers that appear in a list
Classic
Best Score? Go Orange.
Dallas Cowboys Starting Quarterbacks Stats
Can you name the Dallas Cowboys Starting Quarterbacks?
By
astrozombie
12m
33 Questions
419 Plays
419 Plays
419 Plays
Comments
Comments
Give Quiz Kudos
Give Quiz Kudos
-
- Ratings
hide this ad
Replay
Link that replays current quiz
Next Quiz
Link to next quiz in quiz playlist
You Got
0%
They Got
Avg Score
45%
Avg Friend Score
Upgrade to see
Score Distribution
Jump to the score distribution portion of the page
Score
0/33
Timer
12:00
0
Plays Today
Year(s)
Player
% Correct
1989-
2000
Troy Aikman
98.3%
2006-
2009
Tony Romo
98.3%
1969-
1979
Roger Staubach
97.1%
2001-
2003
Quincy Carter
85.4%
1977-
1987
Danny White
85%
2005-
2006
Drew Bledsoe
83.5%
1960-
1968
Don Meredith
74.2%
2004
Vinny Testaverde
72.1%
1993-
1999
Jason Garrett
63.5%
1965-
1972
Craig Morton
62.1%
2008
Brad Johnson
52.5%
2002
Chad Hutchinson
51.8%
2004
Drew Henson
48.9%
1989
Steve Walsh
42%
2001
Ryan Leaf
42%
1984-
1985
Gary Hogeboom
40.6%
2000
Randall Cunningham
39.9%
Year(s)
Player
% Correct
1993
Bernie Kosar
38.2%
1960-
1963
Eddie Lebaron
33.9%
1986-
1988
Steve Pelluer
33.7%
2000-
2001
Anthony Wright
33.7%
1991
Steve Beuerlein
31%
1996
Wade Wilson
30.8%
1975
Clint Longley
30.1%
1990
Babe Laufenberg
28.4%
2001
Clint Stoerner
23.9%
1994
Rodney Peete
23.4%
1981
Glen Carano
14.1%
1987-
1988
Kevin Sweeney
13.6%
1965-
1966
Jerry Rhome
11.2%
1986
Reggie Collier
10.3%
1960
Don Heinrich
6.2%
1964
John Roach
4.5%
Quiz Playlist
Details
Report
Send in Message
Add To Playlist
Classic:
Type in answers that appear in a list
Quiz Source
Last Updated: Feb 16, 2017
Quiz Scoreboard
CHALLENGE
Sign Up to Join the Scoreboard
Show All
Scores
Hide
Comments
May contain spoilers
Recently Published
Billboard Blitz: Fleetwood Mac
by CooCooCachoo
Music
15s
Presidents Visiting Landmarks
by Hejman
History
7m
An Introduction to Baseball
by treessimontrees
Sports
5m
More to Explore
Quiz From the Vault
Featured Blog Post
Where Did the Easter Bunny Come From?
hide this ad
You Might Also Like...
Tags
Cowboy
Dallas Cowboys
Player
Quarterbacks
start
Starting
Starting QB
Today's Top Quizzes in Sports
Browse Sports
hide this ad
Today's Top Quizzes in Player
Browse Player
Top Contributed Quizzes in Sports
1
Les meilleurs buteurs des matchs entre le PSG et l’OM
2
2022 World Cup Stars
3
FIFA Club World Cup Champions
4
Les entraîneurs de l'OM et du PSG au 21e siècle
5
Criteria MLB: Left Handed Sluggers
6
AFC Teams Reveal (Wrong Answers Minefield)
7
5-to-1: UK Sports Teams
8
Name the Premier League winners with different clubs
9
5-to-1: FBS Animal Nicknames
10
Players with Multiple 50 Home Run Seasons
Explore More
Trending Topics
Crossword
Disney
Harry Potter
NBA
Marvel
Kpop
Anime
Puzzle
Country
Soccer
WWE
NFL
The Office
Pokémon
Song
hide this ad
More By:
astrozombie
Quiz
Plays
Rating
Category
Featured
Created
NFL Starting QBs (Indianapolis Colts)
50,971
4.46
Sports
Aug 17, 2010
Cincinnati Bengals 1st round draft picks
818
5.00
Sports
Nov 20, 2009
Most Successful Movies of the 80's
694
3.10
Movies
Nov 21, 2009
Notre Dame all time leading rushers
580
3.67
Sports
Nov 27, 2009
Cincinnati Bengals Starting Quarterbacks
442
5.00
Sports
Aug 16, 2010
Go to Creator's Profile
Score Distribution
Quiz Creator Spotlight
astrozombie
Follow
Send a Message
Quizzes Created
-
Created Quiz Play Count
-
More By This Creator
Popular Quizzes Today
1
Find the US States - No Outlines Minefield
2
Find the Countries of Europe - No Outlines Minefield
3
The Countries of the World
4
Find the US States
5
Risky Map Clicking: Biggest States A-Z
6
US States
7
Popular People in 1961
8
Movies - When Are They Set?
More Sports Quizzes
Begins and Ends: Big 4 Teams II
Published
Trending Quizzes
Risky Map Clicking: Least Populous States A-Z
1-10 Letter G Words
1-10 Letter F Words
Risky Map Clicking: Next State Alphabetically
Click the Washington State Counties! (Map)
Recently Updated
Leaping Animals
pecheneg
Reality TV Shows (A-Z)
bhenderson79
Rickey Henderson's Hall of Fame Teammates
pecheneg
Champions League XIs: Arsenal
pecheneg
Quick Pick: Celebrities in WWE's Hall of Fame
aduchscher
A-Z Keypad Blitz II
pecheneg
Multiple Oscar Actors
pecheneg
Mystery Phrase Blitz: Oscar 'Best Actors'
pecheneg
F. Scott Fitzgerald Novels
LTH
Pick 3 Villains
ddd62291
Trending Topics
Disney
NBA
Crossword
Marvel
Kpop
Harry Potter
Anime
Country
NFL
The Office
Soccer
Pokémon
Puzzle
Song
WWE
Your Account Isn't Verified!
In order to create a playlist on Sporcle, you need to verify the email address you used during registration. Go to your
Sporcle Settings
to finish the process.
Report this User
Report this user for behavior that violates our
Community Guidelines
.
Details:
Send Report
Go to the Sporcle.com Mobile Site →
Comments